| 000 | 00406nam a2200145 a 4500 | ||
|---|---|---|---|
| 001 | 000029772 | ||
| 005 | 20200930055808.0 | ||
| 008 | 110425s1987 dr 000 0 spa d | ||
| 040 |
_aDO-SdBNP _bspa _cBNPHU |
||
| 082 |
_axxx _bC961p |
||
| 100 | 1 |
_aCuadrado, Alfredo _956536 |
|
| 245 | 1 | 0 |
_aPreguntas para los novios / _cAlfredo Cuadrado. |
| 260 |
_aSanto Domingo : _bITESA, _c1987. |
||
| 300 |
_a13 p. ; _c21 cm. |
||
| 999 |
_c29264 _d29264 |
||